000 00348pam a2200157a 44500
008 230515b1992 xxu||||| |||| 00| 0 eng d
020 _aNULL
041 _aMARATHI
082 _a 1
100 _aJOSHI A
245 _aMUKH PARIKSHA SHASRTA
250 _a1
260 _aSANGALI
_bN.D.
_c1992
300 _a100
650 _aMUKH PARIKSHA SHASRTA
999 _c479560
_d479560